Medagliere Olimpiadi invernali Garmisch-Partenkirchen 1936 - Statistics

Statistiche generali
  • Questo quiz è stato fatto 2 volte
  • Il punteggio medio è 9 su 11
Statistiche sulle risposte
Medaglie d'Oro Medaglie d'Argento Medaglie di Bronzo Medaglie complessive Rappresentativa olimpica % Corretto
1 1 2 4 Austria
100%
0 1 0 1 Canada
100%
1 2 3 6 Finlandia
100%
0 0 1 1 Francia
100%
7 5 3 15 Norvegia
100%
1 0 3 4 Stati Uniti
100%
2 2 3 7 Svezia
100%
1 2 0 3 Svizzera
100%
3 3 0 6 Germania
50%
1 1 1 3 Gran Bretagna
50%
0 0 0 1 Ungheria
0%
Nessun quiz corrispondente trovato
Distribuzione punteggi
Percentuale di utenti per punteggio
Percentile per numero di risposta
I tuoi punteggi nel tempo
Non hai fatto questo quiz